000 00445nam a2200157Ia 4500
999 _c969
_d969
020 _a81-7099-059-9
082 _aRR 016.307760954 SIN
100 _aSingh, Prabhash P.
245 0 _aUrban studies: a select bibliography
260 _aNew Delhi
_bMittal Publications
_c1988
300 _aviii, 272p.
504 _aIncludes index /Ref.book
650 _aUrbanization - Bibliography
650 _aCities and towns - Study and teaching
942 _cBK